1365 1268 1089 1146 1547 1536 1561 1072 1604 1166 1631 1000 1629 1348 1684 1353 1918 1672 1081 1076 1106 1283 1735 1562 1730 1245 1481 1163 1550 1714 1996 1283 1689 1921 1773 1399 1608 1547 1039 1681 1837 1130 1171 1428 1805 1955 1209 1714 1192 1670 1631 1845 1752 1581 1501 1560 1188 1656 1984 1081 1226 1589 1273 1335 1936 1432 1073 1805 1669 1616 1649 1508 1866 1197 1248 1639 1314 1912 1530 1054 1250 1032 1763 1148 1223 1601 1941 1710 1273 1656 1186 1998 1522 1089 1154 1518 1630 1728 1387 BCNSPRNW ULIB Ver.6.0+V

เปลี่ยนเป็นภาษาไทย

Change to English
 แสดงรายละเอียดบรรณานุกรม
  กลับหน้าหลัก

Brief Record : Get Marc (ISO 2709) : E-mail record : QR code < ปิดหน้าต่าง
LEADER : 00000nam 2200000uu 4500
001    13399112290
003     ULIB
008    110803s2551||||th 000 0 tha d
020    9744224514
040    bra
060 04 WB115^bส886อ 2551
245 00 อายุรศาสตร์ 2008 :^bCurrent concepts and update treatment(2) /^cบรรณาธิการ, สมศักดิ์ ลัพธิกุลธรรม ... [และคนอื่นๆ]
246 31 Current concepts and update treatment (2)
260    กรุงเทพฯ :^bกลุ่มงานอายุรศาสตร์ โรงพยาบาลราชวิถี,^c2551
300    (4), 330 หน้า :^bภาพประกอบ ;^c27 ซม.
650  2 Medicine
650  4 การแพทย์
650  4 อายุรศาสตร์
700 0  สมศักดิ์ ลัพธิกุลธรรม,^eบรรณาธิการ
710 2  โรงพยาบาลราชวิถี. ^bกลุ่มงานอายุรศาสตร์
945    ^p400^l0^i023681
945    ^p400^l0^i023682
945    ^p400^l0^i028760
995    ทศพร
999 ^a ทศพร
รายการนี้ยังไม่มีแท็ก
คุณยังไม่ได้ล็อกอิน คุณสามารถมีกิจกรรมร่วมกับเว็บไซต์ได้ แต่ต้องล็อกอินก่อน ::
  ล็อกอิน

รายการสื่อสารสนเทศ

ลำดับที่ ประเภท เลขเรียก/บาร์โค้ด สถานที่ สถานะ
- ไม่พบข้อมูล -

รายการใกล้เคียง
    หัวเรื่อง [Medicine]
    หัวเรื่อง [การแพทย์]
    หัวเรื่อง [อายุรศาสตร์]

BibComment


ยังไม่เคยถูกคอมเมนท์

คอมเมนท์ทรัพยากรรายการนี้
  คอมเมนท์: อายุรศาสตร์ 2008 ..


 Copyright 2026. Bcnsprnw @Library